000 01548cam a2200133 4500500
005 20260405085559.0
041 _afre
042 _adc
100 1 0 _aMaingueneau, Dominique
_eauthor
245 0 0 _aAnalyser les textes de communication
260 _bArmand Colin,
_c2021.
520 _aVivre dans le monde contemporain, c’est être confronté à une multitude de textes éphémères : tracts, journaux, affiches… Énoncés survolés, rarement lus au sens plein du mot. C’est ce type de textes, extraits pour la plupart de la presse et de la publicité, que cet ouvrage apprend à étudier.L’auteur s’attache à relier les propriétés des textes à leur situation de communication en utilisant les outils élaborés récemment par l’analyse du discours. Il donne en particulier toute leur importance aux genres de discours et à leur mise en scène. Des publicités de magazines aux articles de L’Équipe, des comptes rendus de films au Guide du routard, il nous invite à lire différemment les messages du monde dans lequel nous vivons.Paru en 1998 et considérablement enrichi au fil des années, ce manuel est devenu un instrument de travail précieux pour les étudiants qui, dans des filières très diverses, sont amenés à analyser des textes sans avoir reçu de formation spécifique en sciences du langage.Cette nouvelle édition est enrichie d'un chapitre sur les énoncés adhérents.
856 4 1 _uhttps://shs.cairn.info/analyser-les-textes-de-communication--9782200626464?lang=fr&redirect-ssocas=7080
999 _c2198702
_d2198702